Statistics for Legend of Zelda Bosses

Click here to take the quiz!

General Stats

  • This quiz has been taken 184 times
  • The average score is 29 of 54

Answer Stats

Boss nameGame% Correct
VolvagiaOOT
96%
King DodongoOOT
91%
Phantom GanonOOT
81%
ZeldaTP
78%
Puppet GanonWW
75%
Link's ShadowAOL
74%
DodongoLOZ
72%
Blind the ThiefLTTP
72%
BarinadeOOT
72%
TwinmoldMM
70%
DiababaTP
70%
FyrusTP
69%
GohtMM
67%
Bongo BongoOOT
67%
BlizzetaTP
66%
ZantTP
65%
GyorgMM
61%
Majora's Mask/Incarnation/WrathMM
60%
Ganondorf/GanonLOZ, LTTP, OOT, TP, WW
59%
MoldormLTTP
59%
KholdstareLTTP
57%
JalhallaWW
57%
ManhandelaLOZ
56%
ThunderbirdAOL
55%
ArmogohmaTP
55%
HorseHeadAOL
54%
TwinrovaOOT
54%
Kalle DemosWW
54%
OdolwaMM
53%
GleeokLOZ
52%
GohmaOOT, WW, LOZ
52%
AgorokTP
51%
Helmasaurus KingLTTP
49%
MorphaOOT
48%
TrinexxLTTP
46%
GoomaAOL
42%
ArrghusLTTP
42%
AgahnimLTTP
41%
StallordTP
41%
GohdanWW
41%
MorpheelTP
40%
Helmaroc KingWW
40%
MolgeraWW
38%
Armos KnightLTTP
36%
PatraLOZ
35%
BarbaAOL
33%
DigdoggerLOZ
33%
HelmetheadAOL
30%
AquamentusLOZ
30%
MothulaLTTP
29%
CarockAOL
26%
RebonackAOL
26%
LanmolasLTTP
25%
VitreousLTTP
24%

Score Distribution

Percentile by Number Answered

Percent of People with Each Score

Your Score History

You have not taken this quiz